Las escuelas de mañana (Record no. 20646)

MARC details
000 -CABECERA
campo de control de longitud fija 00850nam a2200241 a 4500
003 - IDENTIFICADOR DEL NÚMERO DE CONTROL
campo de control MX-MxUPN
005 - FECHA Y HORA DE LA ÚLTIMA TRANSACCIÓN
campo de control 20240924092837.0
008 - ELEMENTOS DE LONGITUD FIJA--INFORMACIÓN GENERAL
campo de control de longitud fija 991125s1918 mad 000 0 spa u
035 ## - NÚMERO DE CONTROL DEL SISTEMA
Número de control de sistema UPN01000020646
040 ## - FUENTE DE LA CATALOGACIÓN
Centro catalogador/agencia de origen MX-MxUPN
Lengua de catalogación spa
Centro/agencia transcriptor MX-MxUPN
041 0# - CÓDIGO DE IDIOMA
Código de lengua del texto/banda sonora o título independiente spa
050 #4 - SIGNATURA TOPOGRÁFICA DE LA BIBLIOTECA DEL CONGRESO
Número de clasificación LB875
Número de documento/Ítem D3.68
100 1# - ASIENTO PRINCIPAL--NOMBRE PERSONAL
Nombre de persona Dewey, John,
Fechas asociadas al nombre 1859-1952
9 (RLIN) 28071
100 1# - ASIENTO PRINCIPAL--NOMBRE PERSONAL
Nombre de persona Dewey, Evelyn,
Fechas asociadas al nombre 1889-1965
9 (RLIN) 52192
245 14 - MENCIÓN DE TÍTULO
Título Las escuelas de mañana
260 ## - PUBLICACIÓN, DISTRIBUCIÓN, ETC.
Lugar de publicación, distribución, etc. Madrid :
Nombre del editor, distribuidor, etc. Sucesores de Hernando,
Fecha de publicación, distribución, etc. 1918.
300 ## - DESCRIPCIÓN FÍSICA
Extensión 311 páginas
650 #4 - ASIENTO SECUNDARIO DE MATERIA - TERMINO TEMATICO
Término de materia o nombre geográfico como elemento de entrada Educación
Subdivisión geográfica Estados Unidos
9 (RLIN) 803
700 1# - ASIENTO SECUNDARIO--NOMBRE DE PERSONAL
Nombre de persona Luzuriaga, Lorenzo,
Fechas asociadas al nombre 1889-1959
Término indicativo de función/relación traducción
9 (RLIN) 30333
710 1# - ASIENTO SECUNDARIO - NOMBRE CORPORATIVO
Nombre de entidad corporativa o nombre de jurisdicción como elemento de entrada México.
Unidad subordinada Dirección General de Educación Primaria
9 (RLIN) 28131
Término indicativo de función/relación propietario anterior
710 1# - ASIENTO SECUNDARIO - NOMBRE CORPORATIVO
Nombre de entidad corporativa o nombre de jurisdicción como elemento de entrada México.
Unidad subordinada Secretaría de Educación Pública.
-- Biblioteca Pública
9 (RLIN) 51349
Término indicativo de función/relación propietario anterior
942 ## - ELEMENTOS DE PUNTO DE ACCESO ADICIONAL (KOHA)
Fuente del sistema de clasificación o colocación Library of Congress Classification
Tipo de ítem Koha Libro
Holdings
Estado de retiro Estado de pérdida Fuente del sistema de clasificación o colocación Estado dañado No para préstamo Código de colección Localización permanente Ubicación/localización actual Ubicación en estantería Fecha de adquisición Clasificación Código de barras Fecha visto por última vez Tipo de ítem Koha Nota pública
    Library of Congress Classification   Disponible (Previa cita) Fondo Reservado de libros Bib. Gregorio Torres Quintero Bib. Gregorio Torres Quintero Sala de Fondos Reservados Planta alta 18/11/2022 LB875 D3.68 65036 31/12/2020 Libro Ejemplar con sello de la Biblioteca Pública de la SEP y de la Dirección de Educación Primaria